Amending the Bend Pine Nursery Land Conveyance Act to specify the recipients and consideration for conveyance of the Bend Pine Nursery, and for other purposes : report (to accompany H.R. 3505) (including cost estimate of the Congressional Budget Office).

Bibliographic Details
Corporate Author: United States. Congress. House. Committee on Resources
Format: Government Document Book
Language:English
Published: [Washington, D.C.] : [U.S. G.P.O.], [2004]
Series:Report / 108th Congress, 2d session, House of Representatives ; 108-494
Subjects:
Online Access:Text version:
PDF version:

MARC

Tag First Indicator Second Indicator Subfields
LEADER 00000cam a2200000 a 4500
001 in00001844113
005 20220106093818.0
008 040607s2004 dcu f000 0 eng c
035 |a (OCoLC)ocm55628018 
040 |a GPO  |c GPO  |d MvI  |d UtOrBLW 
042 |a pcc 
043 |a n-us-or 
049 |a UDOC 
049 |a WWW 
074 |a 1008-C 
074 |a 1008-C (online) 
074 |a 1008-D (MF) 
074 |a 1008-D (online) 
086 0 |a Y 1.1/8:108-494 
110 1 |a United States.  |b Congress.  |b House.  |b Committee on Resources. 
245 1 0 |a Amending the Bend Pine Nursery Land Conveyance Act to specify the recipients and consideration for conveyance of the Bend Pine Nursery, and for other purposes :  |b report (to accompany H.R. 3505) (including cost estimate of the Congressional Budget Office). 
264 1 |a [Washington, D.C.] :  |b [U.S. G.P.O.],  |c [2004] 
300 |a 6 pages ;  |c 24 cm. 
336 |a text  |b txt  |2 rdacontent 
337 |a unmediated  |b n  |2 rdamedia 
338 |a volume  |b nc  |2 rdacarrier 
490 1 |a Report / 108th Congress, 2d session, House of Representatives ;  |v 108-494 
500 |a Caption title. 
500 |a Distributed to some depository libraries in microfiche. 
500 |a Shipping list number: 2004-0185-P. 
500 |a "May 17, 2004." 
500 |a Shipping List Date: 06/04/2004 
530 |a Also available via Internet from the GPO Access web site. Addresses as of 6/10/04: http://frwebgate.access.gpo.gov/cgi-bin/getdoc.cgi?dbname=108%5Fcong%5Freports&docid=f:hr494.108 (text version), http://frwebgate.access.gpo.gov/cgi-bin/getdoc.cgi?dbname=108%5Fcong%5Freports&docid=f:hr494.108.pdf (PDF version); current access is available via PURLs. 
650 0 |a Land titles  |x Registration and transfer  |z Oregon  |z Bend. 
610 2 0 |a Bend Pine Nursery (U.S.) 
650 0 |a National parks and reserves  |x Law and legislation  |z Oregon. 
810 1 |a United States.  |b Congress.  |b House.  |t Report ;  |v 108-494. 
856 4 1 |3 Text version:  |u https://purl.fdlp.gov/GPO/LPS50062  |t 0 
856 4 1 |3 PDF version:  |u https://purl.fdlp.gov/GPO/LPS50063  |t 0 
999 |a MARS 
999 f f |s bb5e6606-5ff2-3723-862c-4a6399881b68  |i e43de947-a6c0-30a3-a288-dae8ed17d6ed  |t 0 
952 f f |a Texas A&M University  |b College Station  |c Electronic Resources  |d Available Online  |t 0  |e Y 1.1/8:108-494  |h Superintendent of Documents classification 
998 f f |a Y 1.1/8:108-494  |t 0  |l Available Online